00360 2200157 4500001002100000005001500021035002000036245004400056100002400100250000600124300001100130260002700141082000800168084001400176990001200190INLIS00000000000255020250604124713 a0010-06250001361 aStroberi /cDr. Ir. Livi Winata Gunawan0 aLivi Winata Gunawan a1 a81 hlm bPenebar Swadaya,c2003 a600 a600 LIV s a0712333